Dsida Jenő levelezése

Elmentve itt :
Bibliográfiai részletek
Szerző: Szűcs Zsuzsanna
További közreműködők: Kakuszi Péter (Témavezető)
Dokumentumtípus: Szakdolgozat
Megjelent: 2004
Tárgyszavak:
Online Access:http://diploma.bibl.u-szeged.hu/95450
LEADER 00677nta a2200205 i 4500
001 dipl95450
005 20201204072520.0
008 201202s2004 hu om 0|| zxx d
040 |a SZTE Diploma Repozitórium  |b hun 
041 |a zxx 
100 1 |a Szűcs Zsuzsanna 
245 1 0 |a Dsida Jenő levelezése  |h [elektronikus dokumentum] /  |c Zsuzsanna Szűcs 
260 |c 2004 
650 4 |a Bölcsészettudományok 
650 4 |a Humanities 
650 4 |a Languages and Literature 
650 4 |a General literature studies 
650 4 |a History of literature 
700 1 |a Kakuszi Péter  |e ths 
856 4 0 |u http://diploma.bibl.u-szeged.hu/id/eprint/95450/1/2004_szucs_zsuzsanna.pdf  |z Dokumentum-elérés